000 00630cam a22001817a 4500
008 180718b2015 xxu||||| |||| 00| 0 eng d
020 _a9788184005745
082 _aA6x547 Sch61
100 _aJaffrelot, Christophe
245 _aThe Pakistan paradox : instability and resilience
_cby Christophe Jaffrelot
260 _aGurgaon
_bRandom House
_c2015
300 _a670p.
650 _aPakistan -- Politics and government -- 1988-
650 _aPakistan -- Military policy
650 _aIslam and state -- Pakistan
650 _aTerrorism -- Government policy -- Pakistan
650 _aMilitary weapons -- Purchasing -- Pakistan
999 _c444660
_d444660